| 000 | 00928nam a22003377a 4500 | ||
|---|---|---|---|
| 001 | 0029269 | ||
| 003 | KOHA_MİRAKIL | ||
| 005 | 20260207002655.0 | ||
| 007 | ta | ||
| 008 | 160803b2009 tu |||gr||||#||||0|tur | | ||
| 020 | _a9789758918300 | ||
| 040 |
_aTR-BiSEU _btur _cTR-BiSEU _erda |
||
| 041 | 0 | _atur | |
| 044 | _ctu | ||
| 050 |
_aDS779.26 _b.S49 2009 |
||
| 100 | 1 | _aSezen, Seriye. | |
| 245 | 1 |
_aÇin'in ikinci uzun yürüyüşü/ _cSeriye Sezen ; Seriye Sezen. |
|
| 264 | 1 |
_aAnkara : _bTODAİE _c2009 |
|
| 300 | _aXII, 474 sayfa; 20 cm. | ||
| 336 |
_ametin _btxt _2rdacontent |
||
| 337 |
_aaracısız _bn _2rdamedia |
||
| 338 |
_acilt _bnc _2rdacarrier |
||
| 490 | 1 |
_aTODAİE yayın ; _vno. |
|
| 490 | 1 | _a348 | |
| 500 | _aDizin var. | ||
| 500 | _aKaynakça var. | ||
| 650 | 0 |
_aÇin--Siyaset ve yönetim 1976. _957939 |
|
| 830 | 1 |
_aTODAİE yayın ; _vno. _99517 |
|
| 830 | 1 |
_a348 _957940 |
|
| 942 |
_2lcc _cBK |
||
| 999 |
_c29191 _d29191 |
||